000 00460nam a2200169Ia 4500
008 220204s9999 xx 000 0 und d
082 _aNR:62:678.06
_bNAG;1
100 _aNagdi, Khairi
245 0 _aRubber as an engineering material: Guideline for users
260 _aMunich
_bHanser
_c1993
650 _aAging
650 _aCrude rubber
650 _aHealth hazards
650 _aRubber compounding
650 _aThermoplastic elastomers
942 _cREF
999 _c40724
_d40724